Dirección y explotación de puertos
Saved in:
| Main Author: | |
|---|---|
| Format: | Book |
| Language: | Spanish |
| Published: |
Bilbao
Puerto Autónomo de Bilbao
1985
|
| Subjects: | |
| Tags: |
Add Tag
No Tags, Be the first to tag this record!
|
MARC
| LEADER | 00000nam a2200000 a 4500 | ||
|---|---|---|---|
| 001 | UCS6254 | ||
| 003 | CL-VaPUC | ||
| 008 | 970917e19850000SP |||||||||||||||||spa|d | ||
| 082 | 0 | 4 | |a 387.1 |b ROD |2 21 |
| 100 | 0 | |a Rodríguez Pérez, Fernando |e author |9 391850 | |
| 245 | 1 | 0 | |a Dirección y explotación de puertos |
| 300 | |a 488 p | ||
| 942 | |c BK | ||
| 945 | |d 19970917 00:00:00 |a jquezada | ||
| 260 | |a Bilbao |b Puerto Autónomo de Bilbao |c 1985 | ||
| 650 | 0 | |a Puertos |9 260105 | |
| 650 | 0 | |a Diseño y construcción |9 260862 | |
| 650 | 7 | |a TRANSPORTE DE CABOTAJE |2 CL-VaPUC |9 391851 | |
| 650 | 0 | |a Transporte marítimo |9 260127 | |
| 650 | 7 | |a COMERCIO INTERNACIONAL |2 CL-VaPUC |9 391852 | |
| 650 | 7 | |a EXPORTACIONES |2 CL-VaPUC |9 255382 | |
| 650 | 0 | |a Contratos |9 255153 | |
| 650 | 0 | |a Transporte de mercancias |9 358742 | |
| 583 | |a last modification |c 20170509 05:27:49 |k Rodrigo Vera | ||
| 999 | |c 262199 |d 262197 | ||
| 952 | |0 0 |1 0 |4 0 |6 387_100000000000000_ROD_1985 |7 0 |8 A |9 290447 |a BIBING |b BIBING |d 2019-11-19 |i 3349918 |o 387.1 ROD 1985 |p 3349918 |r 2025-01-20 |w 2019-11-19 |y BK |k TRA | ||